|
|
|
|
| LEADER |
02716nam a22004935i 4500 |
| 001 |
978-1-4614-3863-2 |
| 003 |
DE-He213 |
| 005 |
20140515043747.0 |
| 007 |
cr nn 008mamaa |
| 008 |
120420s2012 xxu| s |||| 0|eng d |
| 020 |
|
|
|a 9781461438632
|9 978-1-4614-3863-2
|
| 024 |
7 |
|
|a 10.1007/978-1-4614-3863-2
|2 doi
|
| 040 |
|
|
|d GrThAP
|
| 050 |
|
4 |
|a TK5102.9
|
| 050 |
|
4 |
|a TA1637-1638
|
| 050 |
|
4 |
|a TK7882.S65
|
| 072 |
|
7 |
|a TTBM
|2 bicssc
|
| 072 |
|
7 |
|a UYS
|2 bicssc
|
| 072 |
|
7 |
|a TEC008000
|2 bisacsh
|
| 072 |
|
7 |
|a COM073000
|2 bisacsh
|
| 082 |
0 |
4 |
|a 621.382
|2 23
|
| 100 |
1 |
|
|a Boston, Nigel.
|e author.
|
| 245 |
1 |
0 |
|a Applications of Algebra to Communications, Control, and Signal Processing
|h [electronic resource] /
|c by Nigel Boston.
|
| 264 |
|
1 |
|a New York, NY :
|b Springer New York,
|c 2012.
|
| 300 |
|
|
|a XIII, 44p.
|b online resource.
|
| 336 |
|
|
|a text
|b txt
|2 rdacontent
|
| 337 |
|
|
|a computer
|b c
|2 rdamedia
|
| 338 |
|
|
|a online resource
|b cr
|2 rdacarrier
|
| 347 |
|
|
|a text file
|b PDF
|2 rda
|
| 490 |
1 |
|
|a SpringerBriefs in Computer Science,
|x 2191-5768
|
| 505 |
0 |
|
|a Introduction -- Algebraic Tools -- Traditional Applications -- Recent Applications to Communications -- Emerging Applications to Signal Processing -- Glossary.
|
| 520 |
|
|
|a Over the last 50 years there have been an increasing number of applications of algebraic tools to solve problems in communications, in particular in the fields of error-control codes and cryptography. More recently, broader applications have emerged, requiring quite sophisticated algebra - for example, the Alamouti scheme in MIMO communications is just Hamilton's quaternions in disguise and has spawned the use of PhD-level algebra to produce generalizations. Likewise, in the absence of credible alternatives, the industry has in many cases been forced to adopt elliptic curve cryptography. In addition, algebra has been successfully applied to problems in signal processing such as face recognition, biometrics, control design, and signal design for radar. This book introduces the reader to the algebra they need to appreciate these developments and to various problems solved by these techniques.
|
| 650 |
|
0 |
|a Engineering.
|
| 650 |
|
0 |
|a Data structures (Computer science).
|
| 650 |
1 |
4 |
|a Engineering.
|
| 650 |
2 |
4 |
|a Signal, Image and Speech Processing.
|
| 650 |
2 |
4 |
|a Data Structures, Cryptology and Information Theory.
|
| 710 |
2 |
|
|a SpringerLink (Online service)
|
| 773 |
0 |
|
|t Springer eBooks
|
| 776 |
0 |
8 |
|i Printed edition:
|z 9781461438625
|
| 830 |
|
0 |
|a SpringerBriefs in Computer Science,
|x 2191-5768
|
| 856 |
4 |
0 |
|u http://dx.doi.org/10.1007/978-1-4614-3863-2
|z Full Text via HEAL-Link
|
| 912 |
|
|
|a ZDB-2-SCS
|
| 950 |
|
|
|a Computer Science (Springer-11645)
|